书目信息 |
| 题名: |
水文地球化学
|
|
| 作者: | Питьева , 比契叶娃 著 ;彭立红 译 | |
| 分册: | ||
| 出版信息: | 北京 地质出版社 1981 |
|
| 页数: | 318页 | |
| 开本: | 21cm | |
| 丛书名: | ||
| 单 册: | ||
| 中图分类: | P641.3 | |
| 科图分类: | ||
| 主题词: | 水文地质-地球化学 , 地球化学-水文地质 | |
| 电子资源: | ||
| ISBN: | ||
| 000 | 00888nam0 2200265 45 | |
| 001 | 0181004700 | |
| 005 | 20060802080547.26 | |
| 010 | @dCNY2.30 | |
| 100 | @a19950321d1981 em y0chiy0121 ea | |
| 101 | 1 | @achi@crus |
| 102 | @aCN@b110000 | |
| 105 | @ay z 000yy | |
| 200 | 10 | @a水文地球化学@Ashui wen di qiu hua xue@e地下水化学成分的形成@f(苏)比契叶娃(К.Е.Питьева)著@g彭立红译 |
| 210 | @a北京@c地质出版社@d1981 | |
| 215 | @a318页@d21cm | |
| 510 | 1 | @aГидрогеохимия(Формирование химического состава подземных вод)@zrus |
| 606 | @a水文地质-地球化学 | |
| 606 | @a地球化学-水文地质 | |
| 690 | @aP641.3@v3 | |
| 701 | A1 | @aПитьева@bК.Е.@4著 |
| 701 | 1 | @a比契叶娃@Abi qi ye wa@bК.Е.@4著 |
| 702 | 0 | @a彭立红@Apeng li hong@4译 |
| 801 | 2 | @aCN@bNLC@c20060802 |
| 801 | 0 | @aCN@bTSSF |
| 905 | @a10447@dP641.3@e37 | |
| 水文地球化学:地下水化学成分的形成/(苏)比契叶娃(К.Е.Питьева)著/彭立红译.-北京:地质出版社,1981 |
| 318页;21cm |
| ISBN :CNY2.30 |
| ● |
| 相关链接 |
|
|
|
|
正题名:水文地球化学
索取号:P641.3/37
 
预约/预借
| 序号 | 登录号 | 条形码 | 馆藏地/架位号 | 状态 | 备注 |
| 1 | 0434208 | 204342087 | 密集书库/ [索取号:P641.3/37] | 在馆 |